000 00410nam a22001451 4500
040 _cDLC
082 _a551 W.E.F 1961 A084 Or.
100 1 0 _aKummel, Bernhard,
245 1 0 _aHistory of the earth;
_ban introduction to historical geology.
260 0 _aSan Francisco,
_bW. H. Freeman
_c[1961]
300 _axii,610 p.
_billus.
_c26 cm
650 0 _aGeology, Stratigraphic
650 0 _aPaleontology
942 _cEK
999 _c16150
_d16150